Effects of Isolation on Reproductive Success of Subordinate Naked Mole Rat (Heterocephalus glaber) (Record no. 215992)

MARC details
000 -LEADER
fixed length control field 00601nam a22001577a 4500
008 - FIXED-LENGTH DATA ELEMENTS--GENERAL INFORMATION
fixed length control field 250807b |||||||| |||| 00| 0 eng d
050 ## - LIBRARY OF CONGRESS CALL NUMBER
Item number C.1
100 ## - MAIN ENTRY--PERSONAL NAME
Personal name Makori, Amos Onyansi
245 ## - TITLE STATEMENT
Title Effects of Isolation on Reproductive Success of Subordinate Naked Mole Rat (Heterocephalus glaber)
260 ## - PUBLICATION, DISTRIBUTION, ETC.
Place of publication, distribution, etc. Kisii
Name of publisher, distributor, etc. Kisii University
Date of publication, distribution, etc. 2020
300 ## - PHYSICAL DESCRIPTION
Extent xvii, 95p.:ill.
500 ## - GENERAL NOTE
General note Includes bibliographical references.
650 ## - SUBJECT ADDED ENTRY
Topical term or geographic name entry element 1. Naked mole rat—Reproduction. 2. Rodents—Behavior. 3. Reproductive suppression. 4. Social isolation in animals.
942 ## - ADDED ENTRY ELEMENTS (KOHA)
Source of classification or shelving scheme Library of Congress Classification
Koha item type Reference
Holdings
Withdrawn status Lost status Source of classification or shelving scheme Damaged status Not for loan Collection Home library Current library Date acquired Inventory number Total checkouts Full call number Barcode Date last seen Copy number Price effective from Koha item type
    Library of Congress Classification     Special Research Kisii University Library Kisii University Library 08/07/2025 108045   THE QL 737 .M35 2020 000000023527 08/07/2025 C.1 08/07/2025 Reference